|
|
|
|
| LEADER |
01356ndm a2200349 a 4500 |
| 001 |
000912662 |
| 003 |
CZ BrMZK |
| 005 |
20101210082659.0 |
| 007 |
qu |
| 008 |
080917s1945 xx zza f cze d |
| 031 |
|
|
|a 01
|b 01
|c 01
|d Allegro energico
|m S
|g G-2
|o c
|p 1'G/''C+/4CD'GB/''2.C4-/
|r C
|t Sväť Slovensko sväť!
|2 pe
|
| 040 |
|
|
|a BOA001
|b cze
|
| 048 |
|
|
|a ca04
|
| 072 |
|
7 |
|a 784
|x Vokální hudba
|2 Konspekt
|9 9
|
| 080 |
|
|
|a 78.087.684
|2 MRF
|
| 080 |
|
|
|a 78.089.6
|2 MRF
|
| 080 |
|
|
|a 78.088
|2 MRF
|
| 080 |
|
|
|a (0.032)78
|2 MRF
|
| 100 |
1 |
|
|a Bella, Ján Levoslav,
|d 1843-1936
|7 jn20000600785
|4 cmp
|
| 245 |
1 |
0 |
|a Sviatok Slovenska
|h [rukopis] :
|b (Smieš. sbor) /
|c J. K. Bella ; úprava Hulova
|
| 260 |
|
|
|c 1945
|
| 300 |
|
|
|a [3] s. ;
|c 32 cm
|
| 500 |
|
|
|a Na s. 3 poznámka:"Upravil pre smieš. sbor E. Hula"
|
| 650 |
0 |
7 |
|a smíšené sbory, úpravy
|7 ph315274
|2 czenas
|
| 655 |
|
7 |
|a vokální partitury
|7 fd201980
|2 czenas
|
| 655 |
|
7 |
|a hudební rukopisy
|7 fd278469
|2 czenas
|
| 700 |
1 |
|
|a Hula, Emil,
|d 1883-1942
|7 jk01043232
|4 arr
|
| 856 |
4 |
1 |
|u http://audioserver.mzk.cz/incipity/png/000912662_01_01_01.png
|y Zobrazení hudebního incipitu
|
| 910 |
|
|
|a BOA001
|b RKPMus-0667.471
|
| 990 |
|
|
|a MU
|
| 991 |
|
|
|b 200809
|
| 996 |
6 |
|
|b 2619271727
|c RKPMus-0667.471
|l Stud. starých tisků/4.patro
|r Sklad / do násl. otevíracího dne
|n 0
|w 000912662
|u 000010
|a 1
|e BOA001
|j MZK50
|s P
|